[Event "Mainz CCM5 sim"]
[Site "Mainz"]
[Date "2005.08.??"]
[Round "?"]
[White "Grischuk, Alexander"]
[Black "Zahn, Juergen"]
[Result "1-0"]
[WhiteElo "2720"]
[BlackElo "2230"]
[PlyCount "76"]
[EventDate "2005.08.??"]
[EventType "simul"]
[EventRounds "1"]
[EventCountry "GER"]
[SourceTitle "EXT 2007"]
[Source "ChessBase"]
[SourceDate "2006.11.23"]
[SourceVersion "1"]
[SourceVersionDate "2006.11.23"]
[SourceQuality "1"]

1. Nf3 d5 2. c4 Nf6 3. cxd5 Nxd5 4. d4 e6 5. g3 Be7 6. Bg2 O-O 7. O-O Nd7 8. e4
N5b6 9. Nc3 Nf6 10. Bf4 Nh5 11. Be3 Nc4 12. Bc1 Nf6 13. b3 Nb6 14. Bb2 a6 15.
Rc1 Bd7 16. Re1 Rc8 17. h3 Re8 18. e5 Nfd5 19. Ne4 Bb4 20. Re2 Qe7 21. Nc5 Bb5
22. Rec2 Bxc5 23. dxc5 Nd7 24. Nd4 Bc6 25. Nxc6 bxc6 26. Qd4 Rb8 27. Rc4 Rb5
28. h4 Reb8 29. h5 h6 30. Be4 a5 31. Ba1 Qg5 32. Bf3 Rb4 33. R1c2 Rxc4 34. Rxc4
Rb4 35. Kg2 Rxc4 36. bxc4 Nf4+ 37. Qxf4 Qxf4 38. gxf4 Nxc5 1-0

[Event "Mainz CCM5 sim"]
[Site "Mainz"]
[Date "2005.08.??"]
[Round "?"]
[White "Grischuk, Alexander"]
[Black "Zweschper, Erich"]
[Result "1-0"]
[WhiteElo "2720"]
[BlackElo "2144"]
[PlyCount "81"]
[EventDate "2005.08.??"]
[EventType "simul"]
[EventRounds "1"]
[EventCountry "GER"]
[SourceTitle "EXT 2007"]
[Source "ChessBase"]
[SourceDate "2006.11.23"]
[SourceVersion "1"]
[SourceVersionDate "2006.11.23"]
[SourceQuality "1"]

1. Nf3 Nf6 2. d4 d6 3. Nc3 Nbd7 4. e4 e5 5. g4 Nxg4 6. Rg1 Ngf6 7. Bc4 h6 8.
Be3 c6 9. Qd3 Qc7 10. O-O-O Nb6 11. dxe5 dxe5 12. Bxb6 axb6 13. Nxe5 Be6 14.
Bxe6 fxe6 15. Ng6 Rg8 16. f4 b5 17. e5 Nd7 18. Kb1 O-O-O 19. Ne4 Nc5 20. Qxd8+
Qxd8 21. Rxd8+ Kxd8 22. Nxf8 Nxe4 23. Nxe6+ Kd7 24. Rxg7+ Rxg7 25. Nxg7 Nd2+
26. Kc1 Nf3 27. h3 Ng1 28. Kd2 Nxh3 29. Ke3 b6 30. b4 c5 31. a3 c4 32. c3 Ke7
33. Nf5+ Ke6 34. Nxh6 Ng1 35. Ng4 Kf5 36. Nf2 Ke6 37. Ne4 Kd5 38. Nd6 Kc6 39.
Nf5 Kd5 40. Nd4 Nf3 41. Nxf3 1-0

[Event "Mainz CCM5 sim"]
[Site "Mainz"]
[Date "2005.08.??"]
[Round "?"]
[White "Grischuk, Alexander"]
[Black "Vogler, Tilmann"]
[Result "1/2-1/2"]
[WhiteElo "2720"]
[BlackElo "2325"]
[PlyCount "47"]
[EventDate "2005.08.??"]
[EventType "simul"]
[EventRounds "1"]
[EventCountry "GER"]
[SourceTitle "EXT 2007"]
[Source "ChessBase"]
[SourceDate "2006.11.23"]
[SourceVersion "1"]
[SourceVersionDate "2006.11.23"]
[SourceQuality "1"]
[BlackTeam "Schwarzenbach"]
[BlackTeamCountry "GER"]

1. Nf3 Nf6 2. c4 c5 3. Nc3 g6 4. d4 Bg7 5. d5 d6 6. e4 O-O 7. h3 e6 8. Bd3 exd5
9. exd5 Re8+ 10. Be3 Bh6 11. O-O Bxe3 12. fxe3 Qe7 13. e4 Nh5 14. Qd2 Nd7 15.
Rf2 Ne5 16. Nxe5 Qxe5 17. Ne2 Re7 18. Raf1 Bd7 19. Rf3 a6 20. b4 Rc8 21. bxc5
Rxc5 22. Nf4 Nxf4 23. Qxf4 Qxf4 24. Rxf4 1/2-1/2

[Event "Mainz CCM5 m"]
[Site "Mainz"]
[Date "2005.08.11"]
[Round "1"]
[White "Grischuk, Alexander"]
[Black "Anand, Viswanathan"]
[Result "0-1"]
[WhiteElo "2720"]
[BlackElo "2788"]
[Annotator "Ftacnik,L"]
[PlyCount "80"]
[EventDate "2005.08.11"]
[EventType "match (rapid)"]
[EventRounds "8"]
[EventCountry "GER"]
[SourceTitle "CBM 109"]
[Source "ChessBase"]
[SourceDate "2005.11.14"]
[SourceVersion "1"]
[SourceVersionDate "2005.11.14"]
[SourceQuality "1"]

1. d4 Nf6 2. c4 e6 3. Nf3 b6 4. Nc3 Bb7 5. a3 d5 6. cxd5 Nxd5 7. e3 Nf6 8. Bd3
c5 9. O-O Nbd7 10. Qe2 a6 11. Rd1 Qb8 12. e4 {The first game, where white
decided to force the crises in the center immediatelly. All previos players
have tried the more circumspect line 12.Bc2!?} (12. Bc2 $5 Bd6 13. dxc5 Bxc5
14. b4 (14. h3 O-O 15. e4 b5 (15... h6 16. Be3 {1/2-1/2 Cvitan,O (2550)-Dautov,
R (2590)/Geneve 1997/}) 16. Be3 Qc7 17. Rac1 Rac8 18. Bb1 Qb8 19. Bxc5 Rxc5 20.
Qe3 {1-0 Psakhis,L (2540)-Dokhoian,Y (2400)/Kharkov 1985/ (57)}) 14... Bd6 (
14... Be7 15. Bb2 O-O 16. Rxd7 Nxd7 17. Qd3 g6 18. Qxd7 Bf6 19. e4 Rd8 20. Qa4
Bg7 21. Qb3 {1-0 Comp Fritz 5-Dautov,R (2600)/Frankfurt 1998/ (48)}) 15. h3 O-O
16. Bb2 Rc8 17. Ng5 h6 18. Nge4 Be5 19. Nxf6+ Nxf6 20. Na4 Bxb2 21. Nxb2 Rc6
22. Nc4 Qc7 23. Bb3 Rc8 {0-1 Muse,M (2375)-Lau,R (2410)/Germany 1985/ (39)})
12... cxd4 13. Nxd4 Bd6 14. g3 (14. Nf3 O-O 15. Bg5 Ng4 16. h3 Nge5 17. Rac1
$11) 14... O-O 15. Bc2 (15. f4 $6 e5 16. Nf5 Bc5+ 17. Kg2 Re8 $15) 15... b5 16.
Be3 b4 $5 {Anand has an excellent feeling for the position. He looks for the
counterplay avoiding further confrontation in the center.} (16... Rd8 17. f4 e5
18. Nf5 exf4 19. Rxd6 fxe3 20. Rad1 Qc7 21. Qxe3 $14) 17. axb4 Bxb4 18. f3 (18.
Ba4 Bxc3 (18... Qc7 19. Rac1 Nc5 20. Na2 $16) 19. bxc3 Bxe4 20. f3 (20. Bg5 h6
21. Bh4 Bb7 22. Bxd7 Nxd7 23. Nxe6 Qe8 24. Nf4 Qxe2 25. Nxe2 Ne5 26. Nd4 Rfc8
$15) 20... Bb7 21. Nc6 Qc7 22. Bf4 Qb6+ 23. Be3 $11) 18... a5 19. Bd3 (19. Ba4
Ne5 20. f4 Ba6 21. Bb5 Bxb5 22. Ndxb5 Neg4 23. Bd4 e5 24. fxe5 Nxe5 $11) 19...
Rc8 20. Bb5 Bxc3 21. bxc3 Nc5 (21... Rxc3 22. Bd2 (22. Qe1 Qc8 23. Bd2 Rc5 24.
Rxa5 Rxa5 25. Bxa5 Ba6 $11) 22... Rc5 23. Bxa5 Qe5 24. Ra3 $14) 22. Ra3 Qc7 23.
Qa2 (23. Qg2 Rd8 24. Rd2 (24. Rb1 Ncxe4 25. fxe4 Bxe4 26. Qa2 Bxb1 27. Qxb1 Nd5
$17) 24... a4 25. Bf1 $14) 23... Qe5 24. Bf4 Qh5 25. Rf1 (25. Qe2 Ne8 26. Rda1
$14) 25... e5 $1 {[%mdl 64] Black is not afraid to force the crises despite
his vulnerability on the f7 spot.} 26. g4 (26. Nf5 exf4 27. Ne7+ Kh8 28. Nxc8
Rxc8 29. Rxa5 fxg3 30. hxg3 Qe5 $19) 26... Nxg4 27. fxg4 Qxg4+ 28. Bg3 (28. Qg2
Qxg2+ 29. Kxg2 exf4 $19) 28... exd4 29. Qxf7+ Kh8 30. Rf4 (30. cxd4 Qxe4 31.
Raf3 Qxd4+ 32. Bf2 Qb2 33. Rg3 Rf8 34. Qc7 Ne4 $19) (30. Rxa5 Qxe4 $19) 30...
Qd1+ 31. Bf1 $2 {Grischuk is brave and avoids the repetition of moves with the
best replay 31.Rf1!} (31. Rf1 $1 Qg4 (31... Qd2 32. Bf4 Qb2 33. Qxg7+ Kxg7 34.
Be5+ Kh6 35. Rf6+ Kh5 36. Rf5+ Kg4 37. Rf4+ Kg5 38. Rf5+ $11) 32. Rf4 Qg5 33.
Rxa5 h6 34. Rxa8 Bxa8 35. Qf5 Qxf5 36. exf5 dxc3 37. Rc4 Be4 38. Rxc3 Bxf5 $11)
31... dxc3 32. Rxa5 h6 (32... Rxa5 $2 33. Qf8+ $18) 33. Rh4 (33. Rxc5 Rxc5 34.
Qxb7 Rg8 35. Qb4 Rc6 36. Rf5 c2 37. Bf4 Qf3 $19) 33... Qd4+ 34. Bf2 Qd7 35.
Qxd7 (35. Qg6 Bxe4 36. Rxe4 Rxa5 37. Re5 Qd8 $19) 35... Nxd7 {Black spare pawn
on c3 will easily decide the game.} 36. Rxa8 Bxa8 37. Be3 c2 38. Bc1 Rb8 39. e5
(39. Kf2 Rb1 40. Be3 c1=Q 41. Bxc1 Rxc1 $19) 39... Rb1 40. Ra4 Bd5 0-1

[Event "Mainz CCM5 m"]
[Site "Mainz"]
[Date "2005.08.14"]
[Round "8"]
[White "Grischuk, Alexander"]
[Black "Anand, Viswanathan"]
[Result "1-0"]
[WhiteElo "2720"]
[BlackElo "2788"]
[Annotator "Lukacs,P"]
[PlyCount "89"]
[EventDate "2005.08.11"]
[EventType "match (rapid)"]
[EventRounds "8"]
[EventCountry "GER"]
[SourceTitle "CBM 109"]
[Source "ChessBase"]
[SourceDate "2005.11.14"]
[SourceVersion "1"]
[SourceVersionDate "2005.11.14"]
[SourceQuality "1"]

1. e4 c6 2. d4 d5 3. e5 Bf5 4. Be3 Qb6 5. Qc1 {This is a quiet, positional
plan where White simply wants to maintain his space advantage.} e6 6. c4 {
White wants to make profit from the vulnerable b6 Q.} dxc4 (6... Ne7 {-
Shirov-Genov, Plovdiv 2003 CBM 98}) (6... Bxb1 {- Kasparov-Jobava, Rethymnon
2003 CBM 98}) 7. Nd2 (7. Bxc4 Be4 {Black has to keep control over the vital
blockading square d5.} (7... Bxb1 {doesn't look healthy again.} 8. Rxb1 Bb4+ 9.
Ke2 (9. Kf1 {frees the /^ d1-h5, which will be important!} Qd8 10. Qd1 {/\ Qg4}
b5 11. Bd3 Ne7 12. a3 Ba5 13. Qg4 Kf8 14. h4 {White uses "French" motifs to
organize an -> on the >>.} Nd7 15. Rd1 Nd5 16. Bg5 Qe8 17. Rh3 h5 18. Qf3 Rb8
19. b4 Bc7 20. Ne2 $16 {Conquest-Chipanga, Coventry 2005}) 9... Qd8 10. Nf3 Ne7
11. a3 Ba5 12. b4 Bb6 13. Bd3 Nd5 14. Bd2 h6 {(Meszaros-Eperjesi, FSIM
Budapest 2003)} 15. Re1 $14) (7... Ne7 8. Ne2 Qd8 9. O-O Nd7 10. Ng3 Bg6 11.
Nc3 Nf5 {Black has to blockade not only the d5 square, but the f5 one as well.}
12. Bg5 Qb6 13. Nxf5 Bxf5 14. Rd1 h6 15. Bh4 Qb4 16. Be2 g5 17. Bg3 $14 {
Shirov-Anand, Monte Carlo 2005}) 8. f3 Bd5 9. Bd3 (9. Bxd5 Qa5+ 10. Nc3 cxd5 {
The exchange of the light-squared B helps usually for Black.} 11. a3 Nd7 12.
Nge2 Ne7 13. Bf2 Nc6 14. O-O Be7 15. f4 g6 $13 {Kosintseva-Chiburdanidze,
Krasnoturinsk 2005}) 9... Na6 $13) 7... Qa5 $5 {fighting against Nxc4} (7...
Qd8 8. Bxc4 Ne7 $13 {fighting for the total blockade of >< d5.}) (7... Bb4 8.
Ngf3 Ne7 9. a3 Bxd2+ 10. Nxd2 Qa5 11. Bxc4 Nd5 12. Be2 O-O 13. O-O Nd7 14. Nc4
{The exchange of the dark-squared B weakened >< d6.} Qc7 15. b4 $14 {Fluvia
Poyatos-Garcia Luque, Burgos 2003}) (7... Qc7 8. Bxc4 Ne7 9. Ne2 Nd7 10. Ng3
Nb6 (10... Bg6) 11. Nxf5 Nxf5 12. Bd3 {White is not afraid of exchanging his
bad e3 B.} O-O-O 13. Bxf5 (13. Nb3 {keeps the d3 B, but loses the |^.} Bb4+ 14.
Ke2 Nd5 $13 {Berthelot-Beikert, Vandoeuvre 2005}) 13... exf5 14. O-O Nd5 15.
Nf3 $13) 8. Bxc4 Ne7 9. Ne2 Nd7 10. O-O Nd5 11. Ng3 (11. Nb3) 11... Bg6 12. h4
$5 {White wants to gain space on the >>.} (12. Nb3 Qd8 {and Black can blockade
the vital d5 and f5 squares.}) 12... h6 13. h5 Bh7 14. a3 Qd8 15. Nf3 {The h7
B is very strong, White has to exchange it.} Be7 16. Rd1 Rc8 {/\ c5} 17. Bd3 c5
{Black changes the favourable P structure in order to activate his pieces.} (
17... Bxd3 18. Rxd3 O-O 19. Ne4 f5 $5 $132 {was the other plan keeping the
good P structure, the isolani alive.}) 18. dxc5 Bxc5 19. Bxh7 {Now a big
tactical skirmish begins.} (19. Bxc5 Bxd3 20. b4 (20. Rxd3 Nxc5) 20... Nxc5 21.
bxc5 Bh7 22. Qb2 O-O $11 {and Black's light pieces are ideally posted.}) 19...
Bxe3 20. Qb1 Bf4 $1 21. Ne2 (21. Be4 Bxg3 22. fxg3 Ne3 23. Rd4 Qb6 $13) 21...
Nxe5 22. Nxf4 Nxf3+ 23. Kf1 Nh2+ (23... Qh4 $5 24. Nxd5 Nh2+ $5 (24... Ng5 25.
Nb6 axb6 26. Qd3 $11) 25. Kg1 $1 (25. Ke1 Ng4) 25... Ng4 26. Rd2 Rc5 $1 (26...
Qh2+ $2 27. Kf1 exd5 28. Qf5 Rd8 29. Re1+ Kf8 30. Qxg4 Rxh7 31. Qb4+ $18) (
26... exd5 $2 27. Qf5 Rd8 (27... Qh2+ 28. Kf1 {- 26...Qf2}) 28. Qf4 $16) 27.
Qe4 Rxd5 28. Rxd5 Qxf2+ $11 {and draw by perpetual checks.}) (23... Ng5 24. Bf5
(24. Be4 O-O) 24... O-O (24... Rc5 $5 25. b4 Rb5 26. Bd3 Rb6 27. Nxd5 exd5 28.
Bc4 O-O 29. Bxd5 $11) 25. Nxd5 exf5 26. Qxf5 Ne6 $11) 24. Ke1 $5 {White pushes
it too hard.} (24. Kg1 $1 {was safer and a draw by repetition of moves may
arise.} Nf3+ (24... Qh4 25. Nxd5 Ng4 {- 23...Qh4}) (24... Ng4 25. Nxd5 Qh4 {
- 23...Qh4}) 25. Kf1 Qh4 26. Nxd5 Nh2+ {- 23...Qh4}) 24... Qe7 25. Qe4 Nf6 (
25... Rxh7 $1 $17 {was simple and strong.}) 26. Qa4+ Kf8 {Black's main problem
is the lack of the connection between his rooks.} 27. Rac1 Ra8 $5 {Black gives
up the c <-> but defends the back rank.} (27... Rxc1 28. Rxc1 Rxh7 29. Rc8+ Ne8
30. Ng6+ $1 fxg6 31. hxg6 Rh8 32. Qf4+ Qf6 33. Qd6+ Qe7 34. Qf4+ $11 {and
White gives again perpetual checks.}) 28. Bb1 Nhg4 (28... e5 $6 29. Nd5 Nxd5
30. Rxd5 $16) (28... Kg8 29. Qb4 $1 Qxb4+ (29... Qe8 30. Rc7) 30. axb4 e5 31.
Nd5 Nxh5 32. Rc7 $44 {The black pieces lack any coordination.}) 29. Qb4 $1 {
White's rooks can penetrate on the seventh rank after the exchange of queens.}
Qxb4+ 30. axb4 e5 31. Nd5 Nxh5 (31... Rb8 32. Nxf6 Nxf6 33. Rc7 {/\ Ba2 >< f7})
32. Rc7 {Black is two pawns up, but the white pieces are very active.} g6 (
32... g5 $5) 33. Ne3 (33. Ba2 $5) 33... Nxe3 34. fxe3 Kg7 $1 (34... Nf6 35. Ba2
Rh7 36. Ke2 {and Black is almost paralyzed!} Re8 37. Rxb7 (37. Rf1 $2 Re7 $1)
37... Re7 38. Rd8+ Ne8 (38... Re8 39. Rxe8+ Kxe8 40. Rxa7) 39. Rxe7 Kxe7 40.
Ra8 $16 {creating a dangerous o^.}) 35. Rdd7 {The absolut rule over the
seventh rank!} Rhf8 36. Ba2 {[#]} Rac8 $2 (36... Kf6 $1 {activating the K and
leaving the death zone was the best practical chance.} 37. Rxb7 (37. Bxf7 Kf5
38. Rxb7 Nf6 $13) 37... Kf5 38. Rxf7+ (38. Rxa7 Rxa7 39. Rxa7 Rb8 40. Rxf7+ Nf6
$13) 38... Rxf7 39. Rxf7+ Nf6 40. b5 Kg5 41. Rg7 h5 42. Ke2 Rb8 $13) 37. Rxb7
Rc1+ (37... Rc2 38. Bxf7 (38. Rxf7+ Rxf7 39. Rxf7+ Kh8 40. Bd5 Rxb2) 38... Rxb2
39. g4 (39. Be8+ Kf6 40. Rd6+ Kg5 41. Rxg6+ Kf5 42. Rxh6 Rxe8 43. Rxh5+ Ke4)
39... Nf6 (39... Ng3 $2 40. g5 $1) 40. Rdc7 $1 (40. Re7 Kh8 41. Bxg6 Rc8 $132)
40... g5 41. Bc4+ Kh8 42. b5 $36) (37... Kf6 38. Bxf7 Kf5 39. Rd6 $16) 38. Kd2
Rf1 (38... Rg1 39. Rxf7+ Rxf7 40. Rxf7+ Kh8 41. Bd5 $16) 39. Rxa7 {Now the
strong b o^ will decide the battle, Black's >> pawns are worthless.} Ng3 (39...
Rf2+ 40. Kc3 g5 41. b5 $16) 40. Bd5 Rf2+ 41. Kc3 Nf1 (41... e4 42. b5 $18) 42.
Kd3 Rd2+ 43. Ke4 Rf2 44. b5 h5 45. Rxf7+ $1 {The b o^ will be a queen soon.}
1-0

[Event "EU-Cup 21st"]
[Site "Saint Vincent"]
[Date "2005.09.20"]
[Round "3.3"]
[White "Grischuk, Alexander"]
[Black "Krasenkow, Michal"]
[Result "1/2-1/2"]
[WhiteElo "2720"]
[BlackElo "2663"]
[Annotator "Krasenkow,M"]
[PlyCount "119"]
[EventDate "2005.09.18"]
[EventType "team-swiss"]
[EventRounds "7"]
[EventCountry "ITA"]
[SourceTitle "CBM 110"]
[Source "ChessBase"]
[SourceDate "2006.01.31"]
[SourceVersion "1"]
[SourceVersionDate "2006.01.31"]
[SourceQuality "1"]
[WhiteTeam "Paris NAO"]
[BlackTeam "Warsaw Polonia"]
[WhiteTeamCountry "FRA"]
[BlackTeamCountry "POL"]

1. d4 Nf6 2. c4 g6 3. Nc3 d5 4. cxd5 Nxd5 5. Bd2 Bg7 6. e4 Nxc3 7. Bxc3 O-O 8.
Bc4 {A worthy alternative to} (8. Rc1) 8... Nd7 (8... c5 {is a normal move but
I wanted to avoid theory.}) 9. Ne2 c5 (9... c6 10. O-O Nf6 11. Ng3 a5 12. a4 b6
13. Qe2 h5 14. e5 $6 (14. f4 h4 15. Nh1 h3 16. Ng3 $14) 14... Nd5 15. Qe4 Ba6
16. Bxa6 Rxa6 17. f4 e6 $13 {0-1 Huber,H-Tompa,J/Rieden 1996/EXT 99 (42)}) (
9... e5 $5 10. O-O (10. d5 $1 {is the principled reaction}) 10... exd4 11. Bxd4
Ne5 12. Bb3 Qh4 13. Qc2 Bd7 14. Rfd1 Rad8 $13 {0-1 Markus,R-Laketic,G/Vrnjacka
Banja SCG 2005/The Week in Chess 573 (30)}) 10. d5 $1 $146 {[%mdl 8] Of course,
} (10. O-O {is harmless.}) 10... Ne5 11. Bb3 e6 12. O-O c4 $2 {This leads to
unfavorable exchanges.} (12... Qh4 $142 $1 13. f3 Rd8 $13) 13. Bxc4 $1 Nxc4 14.
Bxg7 Kxg7 15. Qd4+ Qf6 16. Qxc4 exd5 17. exd5 Qxb2 18. Nd4 $14 {White has a
strong passed pawn, space and development advantage; so he is better, despite
the fact that Black has a B vs N in an open position.} Rd8 (18... Qb6 $5 {
/\Qf6,Rd8,Bd7}) 19. Rab1 Qd2 (19... Qa3 20. Nb5 Qa6 21. Qc5 $16) 20. Rbd1 Qg5
$6 {An inaccuracy, which enables White to weaken Black's K-side.} (20... Qa5 $1
$14 21. Nb5 $140 Bg4 $5) 21. f4 $1 {It is interesting that White offered a
draw in this favorable position, which would practically guarantee the NAO
team a vicory in this important match. For the same reason Black had to
decline the offer.} Qf6 22. f5 $1 Bxf5 (22... g5 $2 23. Ne6+ $1 fxe6 24. fxe6
$18 {->}) (22... gxf5 23. Rf4 $5 (23. Ne2 $5 {/\Nf4})) 23. Nxf5+ gxf5 24. Qd3
f4 25. Qd2 Rd6 (25... Qb6+ 26. Kh1 Qe3 27. Qb2+ Kg8 28. Qxb7) 26. Rxf4 Qe5 27.
Rdf1 f6 28. Rf5 $16 {[%mdl 32] We have a typical position with two weaknesses
in Black's camp: K-side and White's passed d5-pawn. Despite the small distance
between the weaknesses (which favours the defender), it is very difficult to
stand up to White's pressure. White needn't hurry and starts a lengthy
manoeuvring, trying to provoke Black's "activity", which would lead to further
weaknesses.} Qe7 29. h3 Rad8 30. R1f4 Qc7 31. Kh1 Re8 32. Rf1 b6 33. Qd3 Qe7
34. R1f4 Qe3 35. Qc2 Qc5 36. Qd1 Qc3 37. Kh2 Kh8 38. Rf3 Qb2 (38... Qc7 $142)
39. Qa4 Rg8 40. Rf2 Qc3 41. Qf4 (41. Qxa7 $6 Qg3+ 42. Kg1 (42. Kh1 $2 Rxd5)
42... Qxh3 43. Qe7 Qg3) 41... Rd7 $4 {[%mdl 16384] A terrible move, enabling
White to advance his pawn. In fact, I can hardly understand it myself.} ({
There was nothing wrong in} 41... Qc7 {as} 42. Rxf6 $2 Rxf6 43. Qxc7 Rxf2 $1 {
lead to a forced draw.}) 42. d6 Rg6 (42... Rf8 43. g4 $1 {/\44.g5}) 43. Re2 $6
{White was in an "eternal" time-trouble already. He continues manoeuvring
instead of finishing the game off by} (43. h4 $1 $18 {/\44.h5}) 43... Kg7 44.
Rd5 (44. h4 $1) 44... Qc6 45. Rdd2 (45. Qe4 $5 {/\46.Qe8}) 45... Qc5 46. Re6
Qg5 47. Qf2 (47. Qd4 $5) 47... f5 $5 {An attempt to lift the pressure. At
least Black gets rid of a pair of rooks.} 48. Qd4+ Kf7 49. Rxg6 Qxg6 (49...
hxg6 $143 50. Re2 $1 Qd8 (50... f4 51. Qh8 $18) 51. Qd5+ Kg7 52. Re6 $18 {
/\Qe5,g3,h4-h5}) 50. Qf4 Qe6 $2 (50... Qf6 $1 {was the right continuation. If}
51. Rd5 {then} Ke6 $1 52. Qd2 (52. Qc4 Rxd6) 52... Kf7 53. Qd3 Kg7 {, firmly
defending.}) 51. g4 $1 Ke8 {Desperation.} ({Black underestimated 51.g4, hoping
for} 51... Qe4 {, but alas, the endgame after} 52. Qxf5+ Qxf5 53. gxf5 {
is poor for him, e.g.} Ke8 (53... Kf6 54. Rd5 b5 55. Kg3 b4 56. Kf4 a5 57. Ke4
a4 58. Kd3 $18) 54. Kg3 Rg7+ 55. Kf4 $18 {_|_}) ({Even with an extra tempo
after} 51... b5 52. Qxf5+ (52. gxf5 {is possible, too, but unnecessary}) 52...
Qxf5 53. gxf5 {Black can hardly survive:} Kf6 54. Rd5 b4 55. Kg3 a5 56. Kf4 a4
57. Ke4 b3 58. axb3 a3 (58... axb3 59. Kd3) 59. Rd2 $18) (51... Kg6 {doesn't
work, of course, due to} 52. gxf5+ Qxf5 53. Rg2+ Kf6 54. Qh6+ $18) 52. gxf5 Qf6
53. Qe4+ Kf8 54. Qe6 $18 Qg5 55. Rf2 $4 {[%mdl 8192] An unexpected amnesty.} (
55. Rd4 $1 {was an easy way to the win:} Rg7 56. Rg4 $1 Qd2+ 57. Kg3 Qc3+ 58.
Kh4 $18) 55... Rg7 $1 {A sudden mating threat forces White to give a perpetual.
} 56. Qc8+ Kf7 57. Qe6+ (57. Qb7+ $6 Kf6 58. Qg2 Qxg2+ 59. Rxg2 Rd7 $17 {_|_})
57... Kf8 58. Qc8+ Kf7 59. Qc4+ Kf8 60. Qc8+ 1/2-1/2

[Event "WchT 6th"]
[Site "Beersheba"]
[Date "2005.11.04"]
[Round "4.2"]
[White "Grischuk, Alexander"]
[Black "Volokitin, Andrei"]
[Result "1-0"]
[WhiteElo "2720"]
[BlackElo "2666"]
[Annotator "Finkel,A"]
[PlyCount "67"]
[EventDate "2005.11.01"]
[EventType "team-tourn"]
[EventRounds "9"]
[EventCountry "ISR"]
[SourceTitle "CBM 110"]
[Source "ChessBase"]
[SourceDate "2006.01.31"]
[SourceVersion "1"]
[SourceVersionDate "2006.01.31"]
[SourceQuality "1"]
[WhiteTeam "Russia"]
[BlackTeam "Ukraine"]
[WhiteTeamCountry "RUS"]
[BlackTeamCountry "UKR"]

1. e4 c5 2. Nf3 Nc6 3. Bb5 g6 4. Bxc6 dxc6 5. d3 Bg7 6. h3 b6 {This move is
less popular than 6...Nf6, but it doesn't mean it's not a good one. The main
idea behind 6...b6 is to push e5 right away, in most of the cases followed by
h6,Ne7 and f5. However I don't quite get an idea if Black decides to play Nf6
on the next move!} 7. a3 {A cunning reply, which was never tried before! White
dosn't want to commit the knight, as if black opts for the set up with e5 and
Ne7, white knight might be better placed on c4 than on c3.} (7. O-O e5 8. a3 f6
9. b4 cxb4 10. axb4 Nh6 11. Ba3 O-O 12. b5 c5 13. c4 Be6 14. Nc3 Qd7 $13 {
Rublevsky,S-Kotronias,V/Warsaw 2005}) (7. Nc3 e5 8. Be3 Ne7 9. Qd2 h6 10. a3 a5
11. Na4 Be6 12. O-O f5 13. Qc3 O-O $13 {Saulin,D-Yagupov,I/Tula 2005}) 7... Nf6
8. Nc3 O-O 9. Bf4 $5 {Quite an unusual place for the bishop, but Black's
attempt to take advantage of White's last move backfires.} Nh5 $6 (9... Ne8 10.
Qd2 Nc7 11. Bh6 f6) 10. Bh2 {Diagram #} e5 $2 {I'm not quite sure what was
missed by Volokitin, but this move could be referred as a decisive mistake.
White gets a huge advantage by very simple and natural moves.} (10... Re8) 11.
Bxe5 Bxe5 12. Nxe5 Nf4 ({Unfortunately for Black} 12... Qg5 $2 13. Nf3 Qxg2 14.
Rh2 $18 {doesn't work because the queen is trapped on g2.}) (12... f5 13. O-O
Qc7 14. Nc4 $16) 13. Qf3 Qg5 14. g3 $1 $16 {Forcing Black's knight to come to
h3 is the safest way to secure an advantage.} Nxh3 (14... Qxe5 15. gxf4 Qe7 16.
O-O-O $18) 15. Nc4 b5 16. Ne3 b4 (16... Qe7 17. Qg2 Ng5 18. f4 Ne6 19. e5 $1 f6
20. Qxc6 Bb7 21. Ned5 Qf7 22. Nxf6+ Kh8 23. Qxe6 $1 Bxh1 24. Qxf7 Rxf7 25. Nxb5
$18) 17. axb4 cxb4 18. Ne2 h5 ({Another possibility was} 18... Qe7 19. Qg2 Ng5
20. f4 Ne6 21. Qh2 f5 22. exf5 gxf5 23. Qh5 $16) 19. Qg2 Qf6 20. d4 $5 ({
White could've also opted for} 20. Nc4 Ng5 21. f4 Ne6 22. e5 Qe7 23. g4 $18 {
with decisive attack.}) 20... Ng5 21. f4 Ne6 22. e5 Qd8 23. Qe4 {There is no
point to give Black counterchances by taking on c6, even though it seemed to
be good enough:} (23. Qxc6 Rb8 24. Qe4 Bb7 25. d5 Nc5 26. Qd4 Ne6 27. Qd2 Nc7
28. c4 bxc3 29. Nxc3 $18) 23... Bb7 24. g4 $18 {Diagram # Black's position
fallas apart so Volokitin tries to complicate the matters by the knight
sacrifice.} Nxd4 $6 25. Nxd4 c5 (25... Qd7 26. Ndf5 $1 c5 27. Nd5 Bxd5 28. Qxd5
Qxd5 29. Ne7+ $18) 26. Qxb7 Qxd4 27. Qf3 Qxb2 28. Kf2 Rad8 29. gxh5 Rd2+ 30.
Kg3 g5 31. Nc4 gxf4+ 32. Kg4 $5 (32. Qxf4 Qc3+ 33. Ne3 $18) 32... Qxc2 33. Nxd2
Qxd2 34. Qxf4 1-0